|
|
|
|
| LEADER |
00000nam0a2200000 4500 |
| 001 |
118530 |
| 005 |
20231101215458.0 |
| 035 |
|
|
|a (RuTPU)RU\TPU\book\128256
|
| 090 |
|
|
|a 118530
|
| 100 |
|
|
|a 20070613d2007 k y0rusy50 ca
|
| 101 |
0 |
|
|a rus
|
| 102 |
|
|
|a RU
|
| 105 |
|
|
|a a dm 001zy
|
| 200 |
1 |
|
|a Адиабатическое замораживание воды холодом гранул льда как задача Стефана
|e автореферат диссертации на соискание ученой степени кандидата физико-математических наук
|e спец. 02.00.04
|f А. С. Ащеулова
|g Кемеровский государственный сельскохозяйственный институт; науч. рук. В. И. Полтавцев
|
| 210 |
|
|
|a Кемерово
|c [Б. и.]
|d 2007
|
| 215 |
|
|
|a 20 с.
|c ил.
|
| 300 |
|
|
|a Защита сост. 25.05.2007 г.
|
| 320 |
|
|
|a Библиогр.: с. 18-20 (13 назв.).
|
| 606 |
|
|
|a Химия низких температур
|2 stltpush
|3 (RuTPU)RU\TPU\subj\70634
|9 84839
|
| 610 |
1 |
|
|a физическая химия
|
| 610 |
1 |
|
|a вода-лед
|
| 610 |
1 |
|
|a фазовые превращения
|
| 610 |
1 |
|
|a задача Стефана
|
| 610 |
1 |
|
|a математические модели
|
| 610 |
1 |
|
|a вода
|
| 610 |
1 |
|
|a замораживание
|
| 610 |
1 |
|
|a адиабатические процессы
|
| 610 |
1 |
|
|a гранулы льда
|
| 610 |
1 |
|
|a авторефераты диссертаций
|
| 675 |
|
|
|a 544.33(04)
|v 3
|
| 686 |
|
|
|a 02.00.04
|2 oksvnk
|
| 700 |
|
1 |
|a Ащеулова
|b А. С.
|g Алена Сергеевна
|
| 702 |
|
1 |
|a Полтавцев
|b В. И.
|g Владимир Иванович
|4 727
|
| 712 |
0 |
2 |
|a Кемеровский государственный сельскохозяйственный институт
|2 stltpush
|3 (RuTPU)RU\TPU\col\11180
|
| 801 |
|
1 |
|a RU
|b 63413507
|c 20070613
|g PSBO
|
| 801 |
|
2 |
|a RU
|b 63413507
|c 20180305
|g PSBO
|
| 942 |
|
|
|c BK
|